000 01269nam0a22002651 4500
001 rc\4308558
005 20130416130052.7
021 _aRU
_b[64-61130]
035 _a(NLR Aleph) 008506744
090 _a8143506
_c8143506
100 _a20130416d1964 |||y0rusy50 ca
101 0 _arus
102 _aRU
105 _ay z |||||
200 1 _aОпыт работы общественных творческих объединений на предприятиях пищевой промышленности Узбекистана
_fУзб. науч.-техн. о-во пищевой пром-сти Гос. ком. Совета Министров УзССР по координации науч.-исслед. работ
210 _aТашкент
_cБ. и.
_d1964
215 _a36 с.
_d20
606 _aНаучно-технические общества пищевой промышленности
_yУзбекская ССР
_2psbo
606 _aПищевая промышленность
_yУзбекская ССР
_xУчастие общественности
_2psbo
700 1 _aВильчек
_bМ. Г.
_gМихаил Григорьевич
801 0 _aRU
_bNLR
_gpsbo
801 1 _aRU
_bELAR
_2rusmarc
852 _aNLR
_j64-4/13587
942 _cBOOK
980 _aNB